=LDR 00000nam 2200000 4500 =001 INLIS000000000021965 =005 20130612120754 =008 ***********************************Ind** =035 ##$$0010-061300000021965 =041 ##$$a Ind =082 ##$$a F Rom D =090 ##$$a F Rom D, Asi-k =100 ##$$a ASIZA, Fahri =245 ##$$a Kekasih Rembulan, Fahri Asiza =260 ##$$a 2004 $b Jakarta =300 ##$$a 186 hlm., 18 cm =650 ##$$a Fiksi Dewasa =850 ##$$a NBPNMAT